000 00836nam0a22002771 4500
001 v19\rc\1399498
005 20250618100417.0
035 _a(NLR Aleph) 004530207
090 _a1859294
_c1859294
100 _a20060512d1872 |||y0rusy50 ca
101 0 _arus
102 _aRU
105 _ay z |||||
200 1 _aДневник больного
_e[Из записок моего приятеля
_f[Соч.] А.Н. Княжнина]
210 _aЯрославль
_cтип. Губ. правл.
_d1872
215 _a88 с.
_d17
300 _aАвт. указан на обл.
700 1 _aКняжнин
_bА.Н.
801 0 _aRU
_bNLR
_gpsbo
801 0 _aRU
_bRuMoRGB
_2psbo
801 1 _aRU
_bProSoft-M
_2rusmarc
852 _aNLR
_j18.234.3.105
899 _aRuMoRGB
_jФ 1-63/7193
899 _aБАН
942 _cBOOK
980 _aNB